Introduction to medical technology practice in the Philippine setting / (Record no. 359262)
[ view plain ]
| 000 -LEADER | |
|---|---|
| fixed length control field | 00503nam a2200121Ia 4500 |
| 008 - FIXED-LENGTH DATA ELEMENTS--GENERAL INFORMATION | |
| fixed length control field | 181022s9999 xx 000 0 und d |
| 020 ## - INTERNATIONAL STANDARD BOOK NUMBER | |
| International Standard Book Number | 9789719803713 |
| 100 ## - MAIN ENTRY--PERSONAL NAME | |
| Personal name | Cardona, Carmelita C. |
| 245 ## - TITLE STATEMENT | |
| Statement of responsibility, etc | Carmelita C. Cardona, Ruby SP. Garcia-Meim, Gregorio L. Martin I.-- |
| Title | Introduction to medical technology practice in the Philippine setting / |
| 260 ## - PUBLICATION, DISTRIBUTION, ETC. (IMPRINT) | |
| Place of publication, distribution, etc | Quezon City : |
| Name of publisher, distributor, etc | C & E publishing, Inc. |
| Date of publication, distribution, etc | 2015 |
| 300 ## - PHYSICAL DESCRIPTION | |
| Extent | ix, 317 pages : |
| Other physical details | illustrations ; |
| Dimensions | 22 cm. |
| 650 ## - SUBJECT ADDED ENTRY--TOPICAL TERM | |
| Topical term or geographic name as entry element | Medical technology -- Philippines. |
| Withdrawn status | Lost status | Source of classification or shelving scheme | Damaged status | Home library | Current library | Shelving location | Date acquired | Source of acquisition | Total Checkouts | Full call number | Barcode | Date last seen | Price effective from | Koha item type |
|---|---|---|---|---|---|---|---|---|---|---|---|---|---|---|
| Library of Congress Classification | South SEED-LPDH College Library | South SEED-LPDH College Library | 10/22/2018 | Library Fund | R 855.5.P45 .C37 2015 | SSLC1825 | 10/22/2018 | 10/22/2018 | Books |